000 00546ntaaa2200205 4500
003 01
005 20251027201627.0
008 0714s1973 ag 01
020 _a0311400507
040 _aAR-BaBN
_bspa
_cAR-BaBN
_eaacr
_dRIC
082 _a248.4000 Sw6b
100 _aSwindoll, Charles R.
_96605
245 _aLa busqueda del caracter maduro
250 _a1 ed.
260 _aEl Paso :
_bEditorial Mundo Hispano,
_c1989
300 _a176 p ;
_c21 cm
500 _aContiene referencias bibliograficas
650 _avida cristiana
942 _cBK
999 _c10923
_d10923